00563nam a22001697a 4500003000900000008004100009020001800050040007100068082001500139100001600154245006000170260004500230300002600275505002800301650003100329700003300360AR-CdUCM190311b ||||| |||| 00| 0 spa d a84-253-0272-2 aMUNICIPALIDAD PROVINCIAL DEL CUSCOcBIBLIOTECA MUNICIPAL DEL CUSCO a818 /bP99 aPuzo, Mario aLos Documentos de "El Padrino" :by otras Confesiones / aBarcelona :bEdiciones Grijalbo ;c1973. a326 páginas ;c20cm aContenido : Literatura  aLiteratura estadounidense  aArnau, Angel (traducción)